000 01026cam a2200277 a 4500
001 224
003 BR-CuiBMT
005 20231116205329.0
008 230831s2022 mgba 000 0 por d
020 _a9786555184594
040 _aBR-CuiBMT
_cBR-CuiBMT
080 _a347.65/.68
_22007
_x-047.74
090 _a347.65/.68-047.74
_bA772
245 0 0 _aArquitetura do planejamento sucessório /
_cDaniele Chaves Teixeira, coordenadora ; prefácio Giselda Maria Fernandes Novaes Hironaka ; [autores Adriano Marteleto Godinho ... et al.]
250 _a3. ed., rev., ampl. e atual.
260 _aBelo Horizonte :
_bFórum,
_cc2022.
300 _av. 3 :
_bil. ;
_c24 cm
504 _aInclui bibliografia.
590 _aA biblioteca possui a 1. reimpr. 2023.
650 _aDireito de família
_xCritérios para partilha
650 _aDireito sucessório
_xPlanejamento
650 _aPatrimônio imobiliário
_xPartilha
650 _aDireito sucessório
700 _aGodinho, Adriano Marteleto
_4et al.
_4autores
942 _2udc
_cLV
999 _c224
_d224